Palabras del Licenciado Carlos Ramírez Ladewig en la primera Jornada de ideología universitaria /

El presente volumen recoge la participación de Carlo Ramírez Ladewig en la primera Jornada de ideología universitaria convocada por la Universidad de Guadalajara y que se desarrolló los días 9 y 10 de octubre de 1973. Se trata de una exposición a manera de discurso, así como de diversas intervencion...

Descripció completa

Guardat en:
Dades bibliogràfiques
Autor corporatiu: Jornada de Ideología Universitaria ( Universidad de Guadalajara)
Altres autors: Ramírez Ladewig, Carlos (autor) (autor), Alfaro Anguiano, Enrique Javier (prólogo) (prólogo)
Format: Actes de congresos Llibre
Idioma:espanyol
Publicat: Guadalajara, México : Universidad de Guadalajara, 1985, c1985
Col·lecció:(Testimonios Universitarios ; 5)
Matèries:
Etiquetes: Afegir etiqueta
Sense etiquetes, Sigues el primer a etiquetar aquest registre!

MARC

LEADER 00000nam^a2200000^a^4500
001 000399001
005 20250521000000.0
009 20260310121540.047
020 |a 968-895-000-9 
037 |a Acervo ITESO - Biblioteca 
041 |a ESP 
082 |a 378. 72352  |b JOR 1973 
111 |a Jornada de Ideología Universitaria (  |n 1a :  |d 1973 :  |c Universidad de Guadalajara) 
240 1 1 |a [Testimonios universitarios] 
245 1 0 |a Palabras del Licenciado Carlos Ramírez Ladewig en la primera Jornada de ideología universitaria /  |c Jornada de ideología universitaria ; C. Ramírez Ladewig ; pról. de E.J. Alfaro Anguiano. 
264 4 |a Guadalajara, México :  |b Universidad de Guadalajara,  |c 1985, c1985 
300 |a 91 p. 
336 |a texto  |b txt  |2 rdacontenido 
337 |a sin mediación  |b n  |2 rdamedio 
338 |a volumen  |b nc  |2 rdasoporte 
440 1 |a (Testimonios Universitarios ;  |v 5) 
520 |a El presente volumen recoge la participación de Carlo Ramírez Ladewig en la primera Jornada de ideología universitaria convocada por la Universidad de Guadalajara y que se desarrolló los días 9 y 10 de octubre de 1973. Se trata de una exposición a manera de discurso, así como de diversas intervenciones en mesas de trabajo dentro de la jornada, en las que expresa con claridad la línea ideológica marxista leninista como doctrina orientadora de la actividad universitaria y del Frente de Estudiantes Socialistas de Occidente (FESO). 
649 |a XX 
650 |a Universidad de Guadalajara -  |x Tema Principal 
650 |a Marxismo 
650 |a Leninismo 
650 |a Socialismo 
650 |a Ideología -  |x Tema Principal 
650 |a Política -  |x Teoría 
650 |a Educación Superior -  |z Guadalajara, Jalisco -  |x Historia -  |y Siglo XX 
650 |a Educación Superior -  |z México -  |x Historia -  |y Siglo XX 
700 |a Ramírez Ladewig, Carlos  |e (autor) 
700 |a Alfaro Anguiano, Enrique Javier  |e (prólogo) 
910 |a Fondo Carlos Núñez Hurtado 
920 |a Impresos - Libros 
930 |a Fondos Especiales 
905 |a 117 
901 |a 0500294329  |b IT2  |c ESP  |i d79349  |u 20250521 
902 |a https://opac.biblio.iteso.mx/vufind/Record/000399001